Polscy Himalaiści - Statystyki

Ogólne statystyki
  • Ten quiz został rozwiązany 134 razy
  • Średni wynik to 7 z 15
Statystyki odpowiedzi
himalaista: osiągnięcia: % Poprawnych
Jerzy Kukuczka Drugi w historii zdobywca korony Himalajów i Karakorum
97%
Wanda Rutkiewicz pierwsza kobieta na K2, zdobyła osiem ośmiotysięczników
86%
Krzysztof Wielicki zdobył 6 ośmiotysięczników samotnie, zdobywca korony Himalajów i Karaorum
76%
Adam Bielecki pierwsze zimowe wejścia na Broad Peak i Gaszerbrum I
65%
Maciej Berbeka pierwsze zimowe wejścia na Broad Peak, Czo Oju oraz Manaslu
56%
Leszek Cichy pierwszy Polski zdobywca korony ziemi, pierwsze wejście na Mount Everest zimą
54%
Andrzej Zawada Kierownik zimowej ekspedycji na Mount Everest w 1980 roku
53%
Artur Hajzer zdobywca siedmiu ośmiotysięczników
42%
Piotr Pustelnik trzeci Polski zdobywca korony Himalajów i Karakorum
42%
Andrzej Czok pierwsze zimowe wejście na Dhaulagiri
25%
Kinga Baranowska zdobywczyni dziewięciu ośmiotysięczników, pierwsza Polka na Manaslu, Dhaulagiri oraz Kanczendzondze
24%
Ryszard Pawłowski zdobył dziesięć ośmiotysięczników
22%
Anna Czerwińska zdobywczyni sześciu ośmiotysięczników oraz korony ziemi
21%
Aleksander Lwow zdobywca Manaslu, Czo Oju, Lhotse i Gaszelbruma II
10%
Zygmunt Andrzej Heinrich zdobywca Nanga Parbat,Czo Oju, Lhotse
8%
Nie znaleziono quizów pasujących do podanych kryteriów
Rozkład punktacji
Procent ludzi z każdym wynikiem
Percentyl według liczby udzielonych odpowiedzi
Twoja historia wyników
Nie rozwiązałeś tego quizu